El libro de la provincia de Concepción
Guardat en:
| Format: | Llibre |
|---|---|
| Idioma: | espanyol |
| Publicat: |
Santiago, Chile
El Imperial
1944
|
| Matèries: | |
| Etiquetes: |
Afegir etiqueta
Sense etiquetes, Sigues el primer a etiquetar aquest registre!
|
MARC
| LEADER | 00000nam a2200000 a 4500 | ||
|---|---|---|---|
| 001 | UCO2591 | ||
| 003 | CL-VaPUC | ||
| 005 | 20240923121702.0 | ||
| 008 | 000608e19440717CL |||||||||||||||||spa|d | ||
| 999 | |c 289096 |d 289094 | ||
| 040 | |c Pontificia Universidad Católica de Valparaíso | ||
| 082 | 0 | 4 | |a 983.39 LIB 1944 |2 21 |
| 245 | 1 | 3 | |a El libro de la provincia de Concepción |
| 260 | |a Santiago, Chile |b El Imperial |c 1944 | ||
| 300 | |a 335 páginas | ||
| 583 | |a last modification |c 20000608 00:00:00 |k Rodrigo Vera | ||
| 650 | 0 | |a Ciudades |z CONCEPCION |z CHILE |9 265474 | |
| 650 | 0 | |a Historia local |z CONCEPCION |z CHILE |9 266584 | |
| 650 | 0 | |a Edificios públicos |z CONCEPCION |z CHILE |9 269003 | |
| 650 | 0 | |a Desarrollo económico y social |z CONCEPCION |z CHILE |9 256320 | |
| 852 | |a BIBCUR | ||
| 942 | |c BK |2 ddc | ||
| 945 | |d 20000608 00:00:00 |a crobeson | ||
| 952 | |0 0 |1 0 |2 ddc |4 0 |6 983_390000000000000_LIB_1944 |7 0 |8 X |9 337252 |a BIBHIS |b BIBHIS |d 2019-11-20 |i 1293087 |o 983.39 LIB 1944 |p 1293087 |r 2024-01-30 |t 1 |w 2019-11-20 |y BK_X |k HIS | ||
| 952 | |0 0 |1 0 |2 ddc |4 0 |6 983_390000000000000_LIB_1944 |7 0 |8 X |9 337253 |a FDOBUD |b FDOBUD |d 2019-11-20 |i 1031562 |o 983.39 LIB 1944 |p 1031562 |r 2019-11-20 |t 2 |w 2019-11-20 |y BK_X |k BUD | ||
| 952 | |0 0 |1 0 |2 ddc |4 0 |6 983_390000000000000_LIB_1944 |7 0 |8 X |9 337254 |a FDOBUD |b FDOBUD |d 2019-11-20 |i 1031570 |o 983.39 LIB 1944 |p 1031570 |r 2019-11-20 |t 3 |w 2019-11-20 |y BK_X |k BUD | ||